000 00572cam a2200217ua 4500
001 10293
008 180314n ii |||gr||||Z||||||asm
020 _a9789381784211
040 _cMAIN
082 _a301.072
100 _aHazarika, Dhiren,
_eAuthor.
245 _aSamajik jarip, gavesana pranali aru parisankhya
_cBy Dhiren Hazarika
250 _a5th ed.
260 _aJorhat:
_bBidya bhawan,
_c2017.
300 _a234p.
653 _aSociology & anthropology
653 _aSocial research
653 _aSocial survey
653 _aSocial statistics
942 _cBK
999 _c9288
_d9288